<?xml version="1.0" encoding="UTF-8"?>
<record
    xmlns:xsi="http://www.w3.org/2001/XMLSchema-instance"
    xsi:schemaLocation="http://www.loc.gov/MARC21/slim http://www.loc.gov/standards/marcxml/schema/MARC21slim.xsd"
    xmlns="http://www.loc.gov/MARC21/slim">

  <leader>01268nam1a2200265 i 4500</leader>
  <controlfield tag="001">RU\NLR\BIBL_A\011212816</controlfield>
  <controlfield tag="005">20241213235850.0</controlfield>
  <datafield tag="010" ind1=" " ind2=" ">
    <subfield code="a">978-5-85693-624-6</subfield>
  </datafield>
  <datafield tag="035" ind1=" " ind2=" ">
    <subfield code="a">(NLR Aleph) 011212816</subfield>
  </datafield>
  <datafield tag="090" ind1=" " ind2=" ">
    <subfield code="a">11982348</subfield>
    <subfield code="c">11982348</subfield>
  </datafield>
  <datafield tag="100" ind1=" " ind2=" ">
    <subfield code="a">20160915d2016    e  y0rusy50      ca</subfield>
  </datafield>
  <datafield tag="101" ind1="0" ind2=" ">
    <subfield code="a">bua</subfield>
  </datafield>
  <datafield tag="102" ind1=" " ind2=" ">
    <subfield code="a">RU</subfield>
  </datafield>
  <datafield tag="105" ind1=" " ind2=" ">
    <subfield code="a">a   z   000 y</subfield>
  </datafield>
  <datafield tag="200" ind1="1" ind2=" ">
    <subfield code="a">&#x411;&#x443;&#x440;&#x44F;&#x430;&#x434; &#x43B;&#x438;&#x442;&#x435;&#x440;&#x430;&#x442;&#x443;&#x440;&#x430;</subfield>
    <subfield code="e">9-&#x434;&#x44D;&#x445;&#x438; &#x43A;&#x43B;. &#x4BB;&#x443;&#x440;&#x430;&#x43B;&#x441;&#x430;&#x43B;&#x430;&#x439; &#x43D;&#x43E;&#x43C;-&#x445;&#x440;&#x435;&#x441;&#x442;&#x43E;&#x43C;&#x430;&#x442;&#x438;</subfield>
    <subfield code="e">&#x445;&#x43E;&#x451;&#x440; &#x445;&#x443;&#x431;&#x438;&#x442;&#x430;&#x439;</subfield>
    <subfield code="f">&#x421;. &#x410;. &#x41E;&#x448;&#x43E;&#x440;&#x43E;&#x432;&#x430;, &#x414;. &#x411;. &#x426;&#x44B;&#x434;&#x435;&#x43D;&#x43E;&#x432;</subfield>
    <subfield code="g">&#x411;&#x443;&#x440;&#x44F;&#x430;&#x434; &#x443;&#x43B;&#x430;&#x441;&#x430;&#x439; &#x431;&#x43E;&#x43B;&#x431;&#x43E;&#x441;&#x43E;&#x440;&#x43E;&#x43B;&#x43E;&#x439; &#x431;&#x43E;&#x43B;&#x43E;&#x43D; &#x44D;&#x440;&#x434;&#x44D;&#x43C; &#x443;&#x445;&#x430;&#x430;&#x43D;&#x430;&#x439; &#x44F;&#x430;&#x43C;&#x430;&#x43D;</subfield>
  </datafield>
  <datafield tag="210" ind1=" " ind2=" ">
    <subfield code="a">&#x423;&#x43B;&#x430;&#x430;&#x43D;-&#x4AE;&#x434;&#x44D;</subfield>
    <subfield code="c">&#x411;&#x44D;&#x43B;&#x438;&#x433;</subfield>
    <subfield code="d">2016</subfield>
  </datafield>
  <datafield tag="215" ind1=" " ind2=" ">
    <subfield code="d">20</subfield>
  </datafield>
  <datafield tag="541" ind1="1" ind2=" ">
    <subfield code="a">&#x411;&#x443;&#x440;&#x44F;&#x442;&#x441;&#x43A;&#x430;&#x44F; &#x43B;&#x438;&#x442;&#x435;&#x440;&#x430;&#x442;&#x443;&#x440;&#x430;</subfield>
    <subfield code="e">&#x443;&#x447;&#x435;&#x431;&#x43D;&#x438;&#x43A;-&#x445;&#x440;&#x435;&#x441;&#x442;&#x43E;&#x43C;&#x430;&#x442;&#x438;&#x44F; &#x434;&#x43B;&#x44F; 9 &#x43A;&#x43B;.</subfield>
    <subfield code="e">&#x432; 2-&#x445; &#x447;&#x430;&#x441;&#x442;&#x44F;&#x445;</subfield>
    <subfield code="z">rus</subfield>
  </datafield>
  <datafield tag="606" ind1="1" ind2=" ">
    <subfield code="a">&#x411;&#x443;&#x440;&#x44F;&#x442;&#x441;&#x43A;&#x430;&#x44F; &#x43B;&#x438;&#x442;&#x435;&#x440;&#x430;&#x442;&#x443;&#x440;&#x430;</subfield>
    <subfield code="j">&#x425;&#x440;&#x435;&#x441;&#x442;&#x43E;&#x43C;&#x430;&#x442;&#x438;&#x438; &#x434;&#x43B;&#x44F; &#x441;&#x440;&#x435;&#x434;&#x43D;&#x435;&#x439; &#x448;&#x43A;&#x43E;&#x43B;&#x44B;</subfield>
    <subfield code="9">1202872</subfield>
    <subfield code="3">RU\NLR\AUTH\66168912</subfield>
  </datafield>
  <datafield tag="686" ind1="1" ind2=" ">
    <subfield code="a">&#x428;5(2=&#x411;&#x443;) &#x44F;72</subfield>
  </datafield>
  <datafield tag="700" ind1=" " ind2="1">
    <subfield code="a">&#x41E;&#x448;&#x43E;&#x440;&#x43E;&#x432;&#x430;</subfield>
    <subfield code="b">&#x421;. &#x410;.</subfield>
    <subfield code="g">&#x421;&#x432;&#x435;&#x442;&#x43B;&#x430;&#x43D;&#x430; &#x410;&#x43B;&#x435;&#x43A;&#x441;&#x435;&#x435;&#x432;&#x43D;&#x430;</subfield>
    <subfield code="4">070</subfield>
  </datafield>
  <datafield tag="701" ind1=" " ind2="1">
    <subfield code="a">&#x426;&#x44B;&#x434;&#x435;&#x43D;&#x43E;&#x432;</subfield>
    <subfield code="b">&#x414;. &#x411;.</subfield>
    <subfield code="g">&#x414;&#x430;&#x431;&#x430;&#x436;&#x430;&#x43F; &#x411;&#x430;&#x434;&#x43C;&#x430;&#x445;&#x430;&#x43D;&#x434;&#x443;&#x435;&#x432;&#x438;&#x447;</subfield>
    <subfield code="4">070</subfield>
  </datafield>
  <datafield tag="852" ind1=" " ind2=" ">
    <subfield code="a">NLR</subfield>
    <subfield code="b">&#x41E;&#x41D;&#x41B;</subfield>
    <subfield code="j">&#x411;&#x443;&#x440;./2-1995</subfield>
  </datafield>
  <datafield tag="942" ind1=" " ind2=" ">
    <subfield code="c">BOOK</subfield>
  </datafield>
</record>
